Football quizz en J - Statistiques

Statistiques générales
  • Ce quiz a été pris 178 fois
  • Le résultat moyen est 7 sur 12
Statistiques - réponses
Hint Réponse % Correct
L'un des clubs les plus populaires en Italie. Juventus
97%
Célèbre joueur, surtout connu pour ses coup franc spectaculaire Juninho
94%
Prénom d'un joueur, néerlandais ayant gagné 3 fois le ballon d'or Johan
88%
Prénom d'un célèbre attaquant anglais ayant passé la casi totalité de sa carrière dans le même club. Il a gagné le championnat anglais en créant l'exploit en 2016 Jamie
85%
Prénom d'un des coachs les plus influent de la dernière décennie ayant fait le bonheur des "Reds" Jurgen
79%
Prénom d'un défenseur français passé par le FC Barcelone entre 2017 et 2020. Jérémy
69%
Prénom d'une des légende de l'équipe d'Argentine et du FC Barcelone. Il a gagné 2 ligues des champions et 5 fois le championnat espagnol Javier
66%
Nationalité d'une célèbre légende du Borussia Dortmund, à aspect offensif. Japonais
35%
Prénom d'un joueur néerlandais à aspect offensif faisant actuellement le bonheur des supporters de Bornemouth Justin
32%
Prénom d’un ancien joueur brésilien légendaire, surnommé "le roi du dribble" Jairzinho
22%
Club basé en Uruguay ayant remporté plusieurs championnats locaux. Juventud
10%
Prénom d'un joueur argentin récemment passé par l'Olympique de Marseille Joaquin
9%
Aucun quiz correspondant
Distribution des résultats
% des personnes avec chaque résultat
Percentile par nombre de réponses
Votre historique - résultats
Vous n’avez pas pris ce quiz